Normal view
MARC view
- الرياضيات - تعليم وتعليم - التفكير الابداعي - الاردن
Entry Topical Term
001 - CONTROL NUMBER
- control field: 57616
003 - CONTROL NUMBER IDENTIFIER
- control field: JO-AjAnu
005 - DATE AND TIME OF LATEST TRANSACTION
- control field: 20230606083432.0
008 - FIXED-LENGTH DATA ELEMENTS
- fixed length control field: 230606|| aca||aabn | a|a d
040 ## - CATALOGING SOURCE
- Original cataloging agency: JO-AjAnu
- Transcribing agency: JO-AjAnu
150 ## - HEADING--TOPICAL TERM
- Topical term or geographic name entry element: الرياضيات - تعليم وتعليم - التفكير الابداعي - الاردن
670 ## - SOURCE DATA FOUND
- Source citation: Work cat.: (JO-AjAnu)29398: اعداد خضير، سندس يحيى؛ اشراف خمسي موسى نجم, author 57615, دراسة تحليلية للتفكير الرياضي في كتاب الرياضيات المدرشسي للصف الثالث الاساسي في الاردن=Analytical Study of the Mathematical thinking in Mathemtics textbook for the third grade in jordon